Guess the Arctic Monkeys song without hints (8) - Statistics

General Stats
  • This quiz has been taken 148 times
  • The average score is 68 of 164
Answer Stats
Lyrics % Correct
I
98%
a
92%
you
92%
the
87%
your
77%
when
75%
When
75%
on
66%
in
65%
She
63%
to
63%
and
61%
And
61%
It
61%
it
61%
you're
60%
me
58%
are
57%
if
52%
of
52%
my
51%
That
51%
there
51%
have
50%
What
50%
For
48%
for?
48%
get
42%
her
42%
Her
42%
like
42%
see
41%
ever
39%
She's
39%
she's
39%
too
39%
got
35%
Just
35%
just
35%
wanna
35%
did
34%
eye
33%
off
33%
Oh,
32%
out
32%
up
32%
well
32%
said
31%
feeling
29%
storm
29%
'Cause
28%
Shalalala,
26%
shalalala
26%
things
26%
thought
26%
does
25%
getting
25%
red-
25%
spangled
25%
waiting
25%
before?
24%
gets
24%
hands
24%
complicated
23%
hellcat
23%
another
22%
dark
22%
done
22%
fucking
22%
may
22%
tip
22%
blow
21%
hot
21%
put
21%
Sing
21%
candles
20%
glow
20%
Makes
20%
took
20%
acting
19%
looked
19%
pedicure
19%
tongue
19%
devil's
18%
flicks
18%
fun
18%
judgement's
18%
steady
18%
stranger
18%
thinking
18%
hanging
17%
Home
17%
home,
17%
home
17%
revelation
17%
cap
16%
cavern
16%
dozen
16%
leaves
16%
wall
16%
batteries
15%
'em
15%
supercharged
15%
sweet
15%
booby-
14%
hallelujah
14%
mysticism
14%
somersaults
14%
telescopic
14%
trap
14%
road
13%
No matching quizzes found
Score Distribution
Percent of People with Each Score
Percentile by Number Answered
Your Score History
You have not taken this quiz